000 00309 a2200109 4500
001 ART_38664
005 20260410161739.0
008 260409a
245 1 0 _aDaños del trabajo y derecho penal
100 1 _aPajoni, Guillermo
773 0 _tDoctrina laboral
_g- Nº 345 (mayo 2014)
_wREV4049
999 _c18621
_d18621